Word Ladder: All About Philippines Quiz Stats

 Plays Quiz Updated Nov 2, 2018

Score 0/20 Timer 03:00
3 Plays Today
Clue 4-Letter Word % Correct
Pacific Ring of ____★ FIRE ★
92.3%
Month of Philippine independence★ JUNE ★
89.2%
Number of Olympic ringsFIVE
89%
Group of cows, pigs or sheepHERD
88.6%
Neither soft nor easyHARD
88.5%
Pay to live in another's homeRENT
87.4%
Animal similar to a rabbitHARE
86.1%
Not pre-recordedLIVE
85.4%
Employ for wagesHIRE
84.9%
Speak in an angry mannerRANT
82.8%
Clue 4-Letter Word % Correct
Long, narrow markLINE
82.5%
Philippine currency★ PESO ★
81.6%
Emperor of Roman EmpireNERO
81.6%
Single-minded expert in a fieldNERD
80%
Anything shaped like a crescentLUNE
78.1%
Maggot, mosquito or fly, e.g.PEST
75.6%
But or however in SpanishPERO
75.1%
Closely confinedPENT
74%
South African currencyRAND
69.7%
'_____ of the Morning'★ LAND ★
53.5%

Today's Daily Dose

You're not logged in!

Compare scores with friends on all Sporcle quizzes.
OR
Log In

Sporcle TV

Today on Sporcle TV


Watch our educational content, quiz creation guides, and fun videos on Sporcle TV.

Show Comments

Extras

Top Quizzes Today


Score Distribution

Your Account Isn't Verified!

In order to create a playlist on Sporcle, you need to verify the email address you used during registration. Go to your Sporcle Settings to finish the process.

Report this User

Report this user for behavior that violates our Community Guidelines.

Details: